000
00340nam a2200133Ia 4500
008
240703s9999 xx 000 0 und d
041
_a
eng
100
_a
Matthew F Dixon
245
_a
Machine Learning In Finance From Theory To Practice
260
_b
Springer
_c
2020
365
_c
_b
7,583.05
906
_b
33
999
_c
40925
_d
40925